| 000 | 00504nam a2200193Ia 4500 | ||
|---|---|---|---|
| 008 | 170705s9999 xx 000 0 und d | ||
| 020 | _a9780439120616 | ||
| 245 | _aCaps for sale : | ||
| 245 | _ba tale of a peddler, some monkey and their monkey business / | ||
| 245 | _cEsphyr Slobodkina. | ||
| 260 | _aNew York : | ||
| 260 | _bScholastic, | ||
| 260 | _c1947 | ||
| 300 | _aunpaged : | ||
| 300 | _bcolor illustration ; | ||
| 300 | _c26cm. | ||
| 440 | _aReading rainbow book. | ||
| 500 | _a480 | ||
| 999 |
_c335674 _d335674 |
||